Obstetricia de la vaca y la yegua / (Record no. 31451)

MARC details
000 -LEADER
campo de control de longitud fija 00601nam a2200181 i 4500
001 - NÚMERO DE CONTROL
campo de control 31451
003 - IDENTIFICADOR DE NÚMERO DE CONTROL
campo de control ES-MaACL
005 - FECHA Y HORA DE LA ÚLTIMA TRANSACCIÓN
campo de control 20230906154400.0
007 - CAMPO FIJO DE DESCRIPCIÓN FÍSICA--INFORMACIÓN GENERAL
campo de control de longitud fija t|
008 - DATOS DE LONGITUD FIJA--INFORMACIÓN GENERAL
campo de control de longitud fija 030129s1950 sp ||||1| spa d
100 1# - ENTRADA PRINCIPAL--NOMBRE DE PERSONA
Nombre de persona Benesch, Franz.
9 (RLIN) 27528
245 10 - MENCIÓN DEL TÍTULO
Título Obstetricia de la vaca y la yegua /
Mención de responsabilidad, etc. por Franz Benesch ; versión de la cuarta edición alemana por Pedro Farreras.
250 ## - MENCION DE EDICION
Mención de edición 2ª ed.
260 ## - PUBLICACIÓN, DISTRIBUCIÓN, ETC.
Lugar de publicación, distribución, etc. Barcelona, etc. :
Nombre del editor, distribuidor, etc. Labor,
Fecha de publicación, distribución, etc. 1950 (
Fabricante Tall. Gráf. de la S.G. de P.)
300 ## - DESCRIPCIÓN FÍSICA
Extensión XII, 346 p. :
Otras características físicas il. ;
Dimensiones 22 cm.
700 1# - ENTRADA AGREGADA--NOMBRE PERSONAL
Nombre de persona Farreras, Pedro.
9 (RLIN) 48897
852 ## - LOCALIZACIÓN
Ubicación ES-MaACL
Número de control de estantería D-8759
Sublocalización o colección R.34188
Holdings
Estatus retirado Estado de pérdida Estado de daño No para préstamo Biblioteca de origen Biblioteca actual Ubicación en estantería Fecha de adquisición Fuente de adquisición Total de préstamos Signatura topográfica completa Código de barras Visto por última vez Precio de reemplazo Tipo de ítem Koha
        Biblioteca del Ateneo de Madrid Biblioteca del Ateneo de Madrid Sala Valle Inclán 17/01/2008     D-8759 901032500 23/02/2023 23/02/2023 Libro impreso